00278pam a2200121 a 4500020000500000041000500005082000900010100002000019245006000039250001000099260003600109300001100145 c h b0356 aGreenstein Lou. aALA CARTE (A Tour of Dining History)hTextual Documents a1992. aAmericabPBC International Inc. ap/176.